000 00743nam a22002297a 4500
003 UA-OsUOA
001 44178
007 ta
008 20100701b un ||||| |||| 00| 0 ukr d
090 _a012
_bМ26
942 _cBK
040 _aUA-OsUOA
_bukr
_cUA-OsUOA
_dUA-OsUOA
245 _aМарія Дмитрієнко: історик, журналіст, громадська діячка
_bБіобібліографія
300 _a168 с.
955 _a1
041 _aukr
080 _a012
260 _aК.
_c2007
650 7 _a01 Бібліографія і бібліографії. Каталоги
_2UDC
999 _c424069
_d424069